SACRA BIBBIA. LIBRI DEI MACCABEI. (Record n. 264045)

Dettagli MARC
000 -LEADER
fixed length control field 01207nam a2200229Ia 4500
001 - CONTROL NUMBER
control field L222-4854
003 - CONTROL NUMBER IDENTIFIER
control field IT-CnALBA
008 - FIXED-LENGTH DATA ELEMENTS--GENERAL INFORMATION
fixed length control field 170116s9999||||xx |||||||||||||| ||und||
040 ## - CATALOGING SOURCE
Original cataloging agency IT-CnALBA
Transcribing agency IT-CnALBA
041 ## - LANGUAGE CODE
Language code of text/sound track or separate title BILINGUE
999 ## - SYSTEM CONTROL NUMBERS (KOHA)
Koha Dewey Subclass [OBSOLETE] NO
100 ## - MAIN ENTRY--PERSONAL NAME
Personal name SENZA AUTORE
245 #0 - TITLE STATEMENT
Title SACRA BIBBIA. LIBRI DEI MACCABEI.
250 ## - EDITION STATEMENT
Edition statement 1a ed.
260 ## - PUBLICATION, DISTRIBUTION, ETC. (IMPRINT)
Place of publication, distribution, etc. TORINO - ROMA
Name of publisher, distributor, etc. MARIETTI EDITORE
Date of publication, distribution, etc. 1953 [1° Ed.:1953 - Ed.Ling.Originale: 1953]
300 ## - PHYSICAL DESCRIPTION
Extent 268 p.
500 ## - GENERAL NOTE
General note CURATORE ANGELO PENNA. TAVOLE FUORI TESTO. VOLGATA LATINA E TRADUZIONE ITALIANA DAI TESTI ORIGINALI ILLUSTRATE CON NOTE CRITICHE E COMMENTATE. DIREZIONE SALVATORE GAROFALO. MACCABEI. TESTO E VERSIONI. GIUDA MACCABEO. GIONATA. SIMONE. PURIIFICAZIONE DEL TE
501 ## - WITH NOTE
With note Società San Paolo EM - Piazza San Paolo, 14 - 12051 ALBA (CN) (non commercial uses only) ® Copyright 2017
520 ## - SUMMARY, ETC.
Summary, etc. CURATORE ANGELO PENNA. TAVOLE FUORI TESTO. VOLGATA LATINA E TRADUZIONE ITALIANA DAI TESTI ORIGINALI ILLUSTRATE CON NOTE CRITICHE E COMMENTATE. DIREZIONE SALVATORE GAROFALO. MACCABEI. TESTO E VERSIONI. GIUDA MACCABEO. GIONATA. SIMONE. PURIIFICAZIONE DEL TE
650 ## - SUBJECT ADDED ENTRY--TOPICAL TERM
Topical term or geographic name as entry element LIBRI STORICI DELL'ANTICO TESTAMENTO
942 ## - ADDED ENTRY ELEMENTS (KOHA)
Koha item type LIBRO
957 ## -
-- 1
999 ## - SYSTEM CONTROL NUMBERS (KOHA)
-- Copie: 1
Dati di copia
Withdrawn status Lost status Damaged status Not for loan Home library Current library Date acquired Total Checkouts Full call number Date last seen Price effective from Koha item type Public note
    Buone Condizioni Not For Loan ALBA - Biblioteca ALBA - Biblioteca 16/01/2017   L222-4854 16/01/2017 16/01/2017 LIBRO (data import: 16 gennaio 2017) - By Epidotti, Vaglietti.
CREDITS: SOCIETA' SAN PAOLO Via A.Severo, 58 - ROMA (RM) & PERIODICI SAN PAOLO SRL Via Giotto, 36 MILANO & CISF Via Giotto, 36 MILANO & EDIZIONI SAN PAOLO SRL,  Piazza Soncino, 5 CINISELLO BALSAMO (MI) -- ITALY